| 000 | 00894nam a2200241Ia 4500 | ||
|---|---|---|---|
| 003 | OSt | ||
| 005 | 20241113132552.0 | ||
| 008 | 210716s2010 xx 000 0 und d | ||
| 020 | _a9788132104643 | ||
| 040 | _cAIMIT LIBRARY | ||
| 041 | _aeng | ||
| 082 |
_a001.0721749 _21 _bBANP |
||
| 245 |
_aSocial responsibility and environmental sustainability in business : _bhow organizations handle profits and social duties / _cBy Preeta M Banerjee and Vanita Shastri. |
||
| 250 | _a1st ed. | ||
| 260 |
_aNew Delhi : _bResponse Books , _c2010. |
||
| 300 |
_axxxii,184p. ; _bPB _c22.3 cm |
||
| 650 |
_aDefining metrics for social impact _9185132 |
||
| 650 |
_aGreening the built environment _9185133 |
||
| 650 |
_aNew beginnings in age old philosophies _9185134 |
||
| 700 |
_aBanerjee, Preeta M., ed. _9185135 |
||
| 700 |
_aShastri, Vanita., ed. _9185176 |
||
| 942 |
_2ddc _cBK _e1st _k001.0721749 BANP |
||
| 999 |
_c207898 _d207898 |
||